| 000 | 00535pab a2200193 454500 | ||
|---|---|---|---|
| 008 | 180718b1999 xxu||||| |||| 00| 0 eng d | ||
| 100 | _aPattanaik, J.K. | ||
| 245 | _aViolence against women in India and its associated problems | ||
| 260 | _c1999 | ||
| 300 | _ap.32-43 | ||
| 362 | _aMay-Aug | ||
| 650 | _aViolence - India | ||
| 650 | _aWomen - Crimes against - India | ||
| 650 | _aWomen - India | ||
| 650 | _aWomen | ||
| 700 | _aChattoraj, B.N. | ||
| 773 | _aIndian Journal of Criminology and Criminalistics | ||
| 909 | _a46079 | ||
| 999 |
_c46079 _d46079 |
||